Biblioteca de Catalunya : 100 anys : 1907 - 2007 / [Autores: Reis Fontanals, Marga Losantos ; coordinació: Mercè Gárriz] 100 anys :
ISBN:
978-84-7845-019-0
Descripción Física:
399 p. : fot. col. ; 24 cm
MARC
| LEADER | 00000nam a2200000Ia 4500 | ||
|---|---|---|---|
| 001 | 19523 | ||
| 008 | 160829s2007 xx 000 0 cat d | ||
| 020 | |a 978-84-7845-019-0 | ||
| 080 | |a A-2-299 | ||
| 100 | |a Fontanals, Reis |9 28025 | ||
| 245 | |a Biblioteca de Catalunya : |b 100 anys : |b 1907 - 2007 / [Autores: |b Reis Fontanals, Marga Losantos ; coordinació: |b Mercè Gárriz] | ||
| 260 | |a Barcelona : |b Biblioteca de Catalunya, |c 2007 | ||
| 300 | |a 399 p. : |b fot. col. ; |c 24 cm | ||
| 590 | |a S'ha utilitzat el fons de l'Arxiu General de la Diputació de Barcelona | ||
| 610 | 2 | 0 | |a Biblioteca de Catalunya |x Història |9 54425 |
| 650 | |a Biblioteca de Catalunya |x Centenaris, etc. |9 28027 | ||
| 700 | |a Losantos Viñolas, Marga |9 28028 | ||
| 700 | 1 | |a Gárriz, Mercè |9 28029 | |
| 901 | |a Arxiu | ||
| 942 | |n 1 | ||
| 952 | |0 0 |1 0 |4 0 |6 A2299 |7 1 |9 44640 |a Arxiu |b Arxiu |d 2016-12-01 |l 0 |o A-2-299 |p 19523 |r 2016-12-01 00:00:00 |w 2016-12-01 |y ARXIU | ||
| 999 | |c 47221 |d 47221 | ||